Guía de educación familiar / (Record no. 134811)

MARC details
000 -LEADER
campo de control de longitud fija 00751nam a2200241 i 4500
001 - NÚMERO DE CONTROL
campo de control 134811
003 - IDENTIFICADOR DE NÚMERO DE CONTROL
campo de control ES-MaACL
005 - FECHA Y HORA DE LA ÚLTIMA TRANSACCIÓN
campo de control 20250828030243.0
007 - CAMPO FIJO DE DESCRIPCIÓN FÍSICA--INFORMACIÓN GENERAL
campo de control de longitud fija t|
008 - DATOS DE LONGITUD FIJA--INFORMACIÓN GENERAL
campo de control de longitud fija 070629s1971 sp ||||1| spa d
080 ## - NÚMERO DE LA CLASIFICACIÓN DECIMAL UNIVERSAL
Número de la Clasificación Decimal Universal 37.04-053.2
080 ## - NÚMERO DE LA CLASIFICACIÓN DECIMAL UNIVERSAL
Número de la Clasificación Decimal Universal 37.018.11
100 1# - ENTRADA PRINCIPAL--NOMBRE DE PERSONA
Nombre de persona Tieche, Mauricio.
9 (RLIN) 110223
245 10 - MENCIÓN DEL TÍTULO
Título Guía de educación familiar /
Mención de responsabilidad, etc. Mauricio Tieche ; [traducción de Salvador Iserte Badenas].
250 ## - MENCION DE EDICION
Mención de edición [1ª ed.].
260 ## - PUBLICACIÓN, DISTRIBUCIÓN, ETC.
Lugar de publicación, distribución, etc. Madrid :
Nombre del editor, distribuidor, etc. Safeliz,
Fecha de publicación, distribución, etc. 1971.
300 ## - DESCRIPCIÓN FÍSICA
Extensión 67 p. con 37 lám. ;
Dimensiones 22 cm.
650 17 - PUNTO DE ACCESO ADICIONAL DE MATERIA--TÉRMINO DE MATERIA
Término de materia o nombre geográfico como elemento de entrada Educación familiar
Fuente del encabezamiento o término embne
9 (RLIN) 12106
650 17 - PUNTO DE ACCESO ADICIONAL DE MATERIA--TÉRMINO DE MATERIA
Término de materia o nombre geográfico como elemento de entrada Educación de niños
Fuente del encabezamiento o término embne
9 (RLIN) 12099
700 1# - ENTRADA AGREGADA--NOMBRE PERSONAL
Nombre de persona Iserte Badenas, Salvador.
9 (RLIN) 65563
852 ## - LOCALIZACIÓN
Ubicación ES-MaACL
Número de control de estantería C-40930
Sublocalización o colección R.80034
Holdings
Estatus retirado Estado de pérdida Estado de daño No para préstamo Biblioteca de origen Biblioteca actual Ubicación en estantería Fecha de adquisición Fuente de adquisición Total de préstamos Signatura topográfica completa Código de barras Visto por última vez Precio de reemplazo Tipo de ítem Koha
        Biblioteca del Ateneo de Madrid Biblioteca del Ateneo de Madrid Depósito 2 17/01/2008     C-40930 1140320 23/02/2023 23/02/2023 Libro impreso